00636nam a2200193 a 450000100100000000500170001000800410002702000150006804000250008308200200010810000620012824500830019026000540027330000290032749000190035665000220037565000260039783000190042300002499920200930023510.0841115s1994 ve 001 f spa d a9806273842 aDO-SdBNPbspacBNPHU aVe863.42bP259m1 aParra, Teresa de la,d1889-1936qAna Teresa Parra Sanojo.14aLas memorias de Mamá Blanca /cAna Teresa Parra Sanojo (Teresa de la Parra). aCaracas, (Venezuela) :bAlfadil Ediciones,c1994. a177. p. :bil. ;c20 cm.1 aGuarimba Mayor 4aNovela venezolana 4aLiteratura venezolana 0aGuarimba Mayor